000 00456nam a2200181Ia 4500
001 8820
005 20260306160638.0
008 260306t2007||||xx |||||||||||||| ||spa||
041 _aESP
082 _a371.394
_bR51
100 _aRiart Vendrell, Joan (Coord.)
_eAUT
245 0 _aManual de tutoría y orientación en la diversidad
260 _c2007
300 _a394 páginas :
_c24 cm.
650 _aGEN
654 _aCED
942 _cLIB
_dJUS
_fJUS
_2ddc
_n
999 _c8820
_d8820